Сказка о потерянном времени

Bibliografiset tiedot
Päätekijä: Шварц Е. Евгений
Kieli:venäjä
Julkaistu: Москва, Самовар, 2011
Sarja:Школьная библиотека
Aiheet:
Aineistotyyppi: Kirja
KOHA link:https://koha.lib.tpu.ru/cgi-bin/koha/opac-detail.pl?biblionumber=213856

MARC

LEADER 00000nam0a2200000 4500
001 213856
005 20231031193418.0
010 |a 9785978103151 
035 |a (RuTPU)RU\TPU\book\233691 
090 |a 213856 
100 |a 20120418d2011 d y0rusy50 ca 
101 0 |a rus 
102 |a RU 
105 |a a z 000ay 
200 1 |a Сказка о потерянном времени  |f Е. Шварц 
210 |a Москва  |c Самовар  |d 2011 
215 |a 95 с.  |c ил. 
225 1 |a Школьная библиотека 
610 1 |a детская литература 
610 1 |a сказки 
675 |a Р2  |v 3 
700 1 |a Шварц  |b Е.  |g Евгений 
801 1 |a RU  |b 63413507  |c 20120418 
801 2 |a RU  |b 63413507  |c 20120426  |g RCR 
942 |c BK